[Event "Mumbai Wealth op 3rd"]
[Site "Mumbai"]
[Date "2018.01.01"]
[Round "3"]
[White "Masum, Rahi"]
[Black "Rathnakaran, Kantholi"]
[Result "0-1"]
[WhiteElo "1679"]
[BlackElo "2307"]
[PlyCount "42"]
[EventDate "2017.12.30"]
[EventType "swiss"]
[EventRounds "9"]
[EventCountry "IND"]
[SourceTitle "CBM 182 Extra"]
[Source "ChessBase"]
[SourceDate "2018.02.23"]
[SourceVersion "1"]
[SourceVersionDate "2018.02.23"]
[SourceQuality "1"]

1. d4 Nf6 2. Nf3 g6 3. c4 Bg7 4. g3 0-0 5. Bg2 d6 6. 0-0 Nc6 7. Nc3 a6 8. h3 Rb8 9. e4 Nd7 10. Be3 e5 11. Rc1 h6 12. Re1 f5 13. exf5 gxf5 14. dxe5 dxe5 15. Qd5+ Rf7 16. Rcd1 Qf8 17. Rf1 f4 18. gxf4 exf4 19. Bd4 Nxd4 20. Nxd4 Nb6 21. Qf3 Nxc4 0-1